000 00582 a2200193 4500
005 20240503151055.0
010 _aB-758859
020 _a0803996721
_c250.00
035 _aB-758859
037 _bGift/Unesco
082 _a333.70954
100 _aShiva, Vandana
_965641
245 _aEcology and The Politics of Survival/
_bVandana Shiva
260 _aNew Delhi
_bSaga Publication
_c1991
270 _aNew Delhi
300 _a365 p.;
_c22cm. (Hb)
_bIndex
942 _adpl
_cEN
_2ddc
_h333.70954
_mSHI
999 _c202648
_d202648